000 03704cam a22004817a 4500
001 17702042
003 Nust- CAS-E0
005 20180118181356.0
008 130417s2012 gw ab b 001 0 eng d
010 _a 2012540992
015 _aGBB213226
_2bnb
016 7 _a016027269
_2Uk
020 _a9783527410521
020 _a352741052X
020 _a9783527410460
020 _a3527410465
020 _z9783527646319
020 _z9783527646302
020 _z9783527646296
020 _z9783527646289
035 _a(OCoLC)ocn776777625
040 _aUKMGB
_cUKMGB
_dYDXCP
_dOCLCO
_dCDX
_dOHX
_dUAU
_dBWX
_dALAUL
_dIWA
_dDLC
042 _alccopycat
050 0 0 _aTK1087
_b.W648 2012
072 7 _aTK
_2lcco
072 7 _aQC
_2lcco
082 0 4 _a621.31244
_223
_bWOL 2012
100 1 _aWolf, E. L.
245 1 0 _aNanophysics of solar and renewable energy /
_cEdward L. Wolf.
260 _aWeinheim :
_bWiley-VCH,
_cc2012.
300 _axiv, 258 p. :
_bill., maps ;
_c25 cm.
490 1 _aPhysics textbook
504 _aIncludes bibliographical references (p. 245-250) and index.
505 0 _a1. A survey of long-term energy resources --- 2. Physics of nuclear fusion : the source of all solar-related energy --- 3. Atoms, molecules, and semiconductor devices --- 4. Terrestrial approaches to fusion energy --- 5. Introduction to solar energy conversion --- 6. Solar cells based on single PN junctions --- 7. Multifunction and energy concentrating solar cells --- 8. Third-generation concepts, survey of efficiency --- 9. Cells for hydrogen generation; aspects of hydrogen storage --- 10. Large-scale fabrication, learning curves, and economics including storage --- 11. Prospects for solar and renewable power.
520 _aThis easy accessible textbook provides an overview of solar to electric energy conversion, followed by a detailed look at one aspect, namely photovoltaics, including the underlying principles and fabrication methods. The author, an experienced author and teacher, reviews such green technologies as solar-heated-steam power, hydrogen, and thermoelectric generation, as well as nuclear fusion. Throughout the book, carefully chosen, up-to-date examples are used to illustrate important concepts and research tools. The opening chapters give a broad and exhaustive survey of long term energy resources, reviewing current and potential types of solar driven energy sources. The core part of the text on solar energy conversion discusses different concepts for generating electric power, followed by a profound presentation of the underlying semiconductor physics and rounded off by a look at efficiency and third-generation concepts. The concluding section offers a rough analysis of the economics relevant to the large-scale adoption of photovoltaic conversion with a discussion of such issues as durability, manufacturability and cost, as well as the importance of storage. The book is self-contained so as to be suitable for students with introductory calculus-based courses in physics, chemistry, or engineering. It introduces concepts in quantum mechanics, atomic and molecular physics, plus the solid state and semiconductor junction physics needed to attain a quantitative understanding of the current status of this field. With its comments on economic aspects, it is also a useful tool for those readers interested in a career in alternative energy--
650 0 _aPhotovoltaic power generation.
650 0 _aEnergy conversion.
650 0 _aNanoscience.
830 0 _aPhysics textbook.
906 _a7
_bcbc
_ccopycat
_d2
_encip
_f20
_gy-gencatlg
942 _2ddc
_cBK
999 _c355306
_d355306